| 000 | 00902nam a2200277 a 4500 | ||
|---|---|---|---|
| 003 | CO-ViMGA | ||
| 005 | 20230915234534.0 | ||
| 008 | 121123s2012 sp gr 0001f spa d | ||
| 020 | _a9788427202122 | ||
| 040 |
_aCO-ViMGA _bspa _cCO-ViMGA |
||
| 041 | 1 | _heng | |
| 043 | _an-us--- | ||
| 082 | 0 | 4 |
_a813.5 _bC65j1 _219 |
| 100 | 1 |
_aCollins, Suzanne, _d1962- _93249 |
|
| 245 | 1 | 4 |
_aLos juegos del hambre / _cSuzanne Collins ; traducción de Pilar Ramírez Tello. |
| 260 |
_aBarcelona : _bMolino, _c2012. |
||
| 300 |
_a396 p. ; _c22 cm. |
||
| 490 | 0 |
_aLos juegos del hambre ; _v1 |
|
| 534 |
_pTítulo original : _tThe hunger games. |
||
| 650 | 1 | 4 |
_aNovela de ciencia ficción. _92236 |
| 650 | 1 | 4 |
_aNovela estadounidense. _92233 |
| 650 | 1 | 4 |
_aConcursos de televisión _v Novela. _93251 |
| 650 | 1 | 4 |
_aSupervivencia _v Novela. _93250 |
| 700 | 1 |
_aRamírez Tello, Pilar, _etr. _98859 |
|
| 942 |
_2ddc _cBK |
||
| 999 |
_c7039 _d7039 |
||